Pohorská vesnice : povídka ze života lidu venkovského / Božena Němcová ; ilustrace Cyrila Boudy
Record details
- Physical Description: 221 s. : il. ; 8°
- Edition: 4. vyd. v SNKLU
- Publisher: Praha : SNKLU, 1964
Content descriptions
| General Note: | Pozn. Obálka ilustrátora Vl. jm. autora: Němcová, Barbora 19000 výt. |
Search for related items by subject
| Genre: | české prózy Czech prose |
Search for related items by series
Available copies
- 1 of 1 copy available at Common Catalog SPOK.
Holds
- 0 current holds with 1 total copy.
Other Formats and Editions
Show Only Available Copies
| Location | Call Number / Copy Notes | Barcode | Shelving Location | Status | Due Date |
|---|---|---|---|---|---|
| Hospic Dobrého Pastýře | BE-N
Tematická katagorie: Beletrie (BE) |
2045957012971 | Knihovna | Available | - |
Electronic resources
Version of Resource: Digitalizovaný dokument
| LDR | 01306nam a22003731 4500 | ||
|---|---|---|---|
| 001 | 29314 | ||
| 003 | CZ-PrJAB | ||
| 005 | 20171026155141.0 | ||
| 008 | 971007s1964 xr ||| 1 cze | ||
| 015 | . | ‡acnb000477343 | |
| 020 | . | ‡q(Váz.) : ‡cKčs 12,60 | |
| 035 | . | ‡a(CZ PrNK)bk196401623 | |
| 035 | . | ‡a(OCoLC)42117943 | |
| 040 | . | ‡aABA001 ‡bcze ‡cOLA001 ‡dABA001 | |
| 072 | 7. | ‡a821.162.3-3 ‡xČeská próza ‡2Konspekt ‡925 | |
| 080 | . | ‡a821.162.3-3 ‡2MRF | |
| 080 | . | ‡a(0:82-3) ‡2MRF | |
| 100 | 1 | . | ‡aNěmcová, Božena, ‡d1820-1862 ‡7jk01083016 ‡4aut |
| 245 | 1 | 0. | ‡aPohorská vesnice : ‡bpovídka ze života lidu venkovského / ‡cBožena Němcová ; ilustrace Cyrila Boudy |
| 250 | . | ‡a4. vyd. v SNKLU | |
| 260 | . | ‡aPraha : ‡bSNKLU, ‡c1964 ‡e(Liberec : ‡fSG 1) | |
| 300 | . | ‡a221 s. : ‡bil. ; ‡c8° | |
| 490 | 1 | . | ‡aČeská klasická próza |
| 500 | . | ‡aPozn. | |
| 500 | . | ‡aObálka ilustrátora | |
| 500 | . | ‡aVl. jm. autora: Němcová, Barbora | |
| 500 | . | ‡a19000 výt. | |
| 655 | 7. | ‡ačeské prózy ‡7fd133972 ‡2czenas | |
| 655 | 9. | ‡aCzech prose ‡2eczenas | |
| 700 | 1 | . | ‡aBouda, Cyril, ‡d1901-1984 ‡7jk01012795 ‡4ill |
| 830 | 0. | ‡aČeská klasická próza (SNKLU) | |
| 856 | 4 | 1. | ‡uhttp://kramerius4.nkp.cz/search/handle/uuid:615fdb80-d050-11e3-aec3-005056827e52 ‡yDigitalizovaný dokument |
| 910 | . | ‡aBNE207 | |
| 964 | . | ‡aChodsko - povídky | |
| 998 | . | ‡a000477343 | |
| 901 | . | ‡a29314 ‡b ‡c29314 ‡tbiblio | |